Statistics for Football clubs: guess the country VII

Click here to take the quiz!

General Stats

  • This quiz has been taken 11 times
  • The average score is 9 of 20

Answer Stats

Football teamCountry% Correct
EssenGermany
91%
Dynamo VladivostokRussia
91%
BesiktasTurkey
82%
Ludogorets 1945Bulgaria
73%
Al Hilal JubaSouth Sudan
73%
Stade CentrafricainCentral African Republic
64%
Puskás AkadémiaHungary
64%
Albion RoversScotland
64%
Đông Á Thanh HóaVietnam
64%
Ming Chuan UniversityTaiwan
55%
Stella Club d'AdjaméIvory Coast
45%
ShkëndijaNorth Macedonia
36%
CS Mont-Royal OutremontCanada
27%
Asante Kotoko KumasiGhana
27%
DžiugasLithuania
27%
A.D. Isidro MetapánEl Salvador
18%
ZambeefZambia
18%
SavusavuFiji
9%
Inclán SportPeru
9%
VobkentUzbekistan
9%

Score Distribution

Percentile by Number Answered

Percent of People with Each Score

Your Score History

You have not taken this quiz